சான்றிதழ்க் கவியதிகாரம் - 1 /
Santrithal kaviyathikaram -1
Saved in:
| Format: | Book |
|---|---|
| Language: | English |
| Published: |
அல்வாய் :
ஜீவநதி கலைஅகம் வௌியீடு,
2020.
|
| Tags: |
Add Tag
No Tags, Be the first to tag this record!
|
MARC
| LEADER | 00000nam a2200000 4500 | ||
|---|---|---|---|
| 003 | LK-CoNLD | ||
| 005 | 20250726100929.0 | ||
| 008 | 250726b xxu||||| |||| 00| 0 eng d | ||
| 017 | |b LK-CoDNA | ||
| 020 | |a 9789550958375 | ||
| 040 | |a LK-CoNLD |b TAM |c LK-CoNLD |d LK-CoNLD | ||
| 082 | |2 23 |q LK-CoNLD | ||
| 245 | |6 880-1 |a சான்றிதழ்க் கவியதிகாரம் - 1 / |c வேதா இலங்காதிலகம். | ||
| 260 | |a அல்வாய் : |b ஜீவநதி கலைஅகம் வௌியீடு, |c 2020. | ||
| 300 | |a ப. 154 ; | ||
| 880 | |6 245-1 |a Santrithal kaviyathikaram -1 | ||
| 942 | |c BOOK | ||
| 945 | |c 22 |d Logeshwary RAMASAMY |a 22 |b Logeshwary RAMASAMY | ||
| 999 | |c 291520 |d 291520 | ||